| 000 | 00601nam a22001937a 4500 | ||
|---|---|---|---|
| 005 | 20161205152253.0 | ||
| 010 | _aENG-116742 | ||
| 020 |
_a9788184846140 _c880.00 |
||
| 035 | _aEN-100274 | ||
| 037 | _bDBAD/PUB | ||
| 082 | _a658.787 | ||
| 100 | _aRavindran,V. | ||
| 245 |
_aMaterials mamagement and stock control / _cby V.Ravindran |
||
| 260 |
_aNew Delhi _bRegal Publications _c2016 |
||
| 270 |
_aF-159 Rajouri Garden _bNew Delhi _e110027 |
||
| 300 |
_ax,186p.: _c23cm(Hb) _bill |
||
| 500 | _aIncludes and bibliographical references and index | ||
| 942 |
_2ddc _cEN _h658.787 _mRAV |
||
| 999 |
_c104961 _d104961 |
||